| 000 | 00620nam a2200205Ii 4500 | ||
|---|---|---|---|
| 003 | JO-AjNU | ||
| 008 | 230606s9999||||xx |||||||||||||| ||und|| | ||
| 020 | _a0-13-613696-6 | ||
| 040 |
_aJO-AjNU _beng _erda _cJO-AjNU |
||
| 041 | _aeng | ||
| 050 | 1 | 4 | _aHF5630.P73 1998 |
| 100 | 3 |
_acompiled: Hasseldack,James R, _eauthor _93052 |
|
| 245 | 0 | 0 | _aPrentice Hall 1998-1999 Accounting Faculty Directory |
| 264 | 3 | 1 | _aLondon : Prentice -Hall International,1998 |
| 300 | _a337p | ||
| 336 |
_atext _btxt _2rdacontent |
||
| 337 |
_aunmediated _bn _2rdamedia |
||
| 338 |
_avolume _bnc _2rdacarrier |
||
| 650 | 4 |
_aAccounting _93053 |
|
| 999 |
_aE1601 _c1601 _d1601 |
||